00561cam a2200169Ia 4500020001500000020001500015040000800030041000800038082002600046100001700072245004300089260004900132300003300181500012900214700002600343700002200369 a4130370219 a0860085015 cCOH1 hjap a320 UNI 1994 A014 Or.1 aAbe, Hitoshi14aThe government and politics of Japan / a[Tokyo] :bUniversity of Tokyo Press,cc1994 axiv, 244 p. :bill. ;c23 cm a"This volume is a translation of Gaisetsu Gendai Nihon no Seiji, published by University of Tokyo Press in 1990"--T.p. verso1 aShind¿‍, Muneyuki,1 aKawato, Sadafumi,